<?xml version="1.0" encoding="UTF-8"?>
<collection xmlns="http://www.loc.gov/MARC21/slim">
 <record>
  <leader>08544nam a2200469 a 4500</leader>
  <controlfield tag="001">kal4343</controlfield>
  <controlfield tag="003">Gr-AtHEAL</controlfield>
  <controlfield tag="005">20160421143334.0</controlfield>
  <controlfield tag="006">m        d        </controlfield>
  <controlfield tag="008">160413s2015    gr      s           gre|c</controlfield>
  <datafield tag="020" ind1=" " ind2=" ">
   <subfield code="a">9789606032219</subfield>
  </datafield>
  <datafield tag="040" ind1=" " ind2=" ">
   <subfield code="a">GR-AtHEAL</subfield>
   <subfield code="b">gre</subfield>
   <subfield code="c">GR-AtHEAL</subfield>
  </datafield>
  <datafield tag="082" ind1="0" ind2="4">
   <subfield code="a">006.7</subfield>
   <subfield code="2">23</subfield>
  </datafield>
  <datafield tag="100" ind1="1" ind2=" ">
   <subfield code="a">Δημούλας, Χαράλαμπος.</subfield>
   <subfield code="8">622</subfield>
  </datafield>
  <datafield tag="245" ind1="1" ind2="0">
   <subfield code="a">Τεχνολογίες συγγραφής και διαχείρισης πολυμέσων</subfield>
   <subfield code="h">[Ηλεκτρονικός πόρος] </subfield>
   <subfield code="b">Τεχνικές μη γραμμικής αφήγησης στα νέα ψηφιακά μέσα</subfield>
   <subfield code="c">Δημούλας, Χαράλαμπος ; Κριτικός αναγνώστης,Βέγλης, Ανδρέας ; Γραφιστική επιμέλεια,Σταρτσενκο, Ιουλία ; Τεχνική επιμέλεια,Βρύσης, Λαζαρος.</subfield>
  </datafield>
  <datafield tag="260" ind1=" " ind2=" ">
   <subfield code="a">Αθήνα :</subfield>
   <subfield code="b">Σύνδεσμος Ελληνικών Ακαδημαϊκών Βιβλιοθηκών,</subfield>
   <subfield code="c">c2015.</subfield>
  </datafield>
  <datafield tag="490" ind1=" " ind2=" ">
   <subfield code="a">Ακαδημαϊκά Ηλεκτρονικά Συγγράμματα και Βοηθήματα Κάλλιπος</subfield>
   <subfield code="8">40</subfield>
  </datafield>
  <datafield tag="505" ind1=" " ind2=" ">
   <subfield code="a">1. Tτεχνολογίες πολυμέσων και υπερμέσων [Βασικοί ορισμοί, λειτουργικά χαρακτηριστικά, τεχνικές προδιαγραφές] 2. Μεθοδολογίες και μοντέλα ανάπτυξης [Διαδικασίες παραγωγής περιεχομένου &amp; συγγραφής λογισμικού πολυμέσων] 3. Ανάλυση απαιτήσεων και προδιαγραφών [Από τη σύλληψη της αρχικής ιδέας στη διατύπωση μιας τεχνικής πρότασης] 4. Σχεδιασμός [Οργάνωση της παραγωγής και σχεδίαση του πολυμεσικού προϊόντος] 5. Παραγωγή [Δημιουργία περιεχομένου: κείμενο, ήχος, εικόνα, βίντεο] 6. Μετα-παραγωγή [Επεξεργασία, διαμόρφωση &amp; διαχείριση περιεχομένου] 7. Πολυμεσική συγγραφή [Οργάνωση – διασύνδεση πολυμεσικών πόρων, ανάπτυξη στοιχείων διάδρασης] 8. Διαδικασίες εκσφαλμάτωσης και αξιολόγησης 9. Τεχνικές διανομής και διαχείρισης [Δημοσίευση στο Διαδίκτυο και τα νέα ψηφιακά μέσα] 10. Προηγμένα συστήματα πολυμεσικής διάδρασης [Υπηρεσίες εικονικής περιήγησης και επαυξημένης αλληλεπίδρασης] 11. Τεχνολογίες συγγραφής και διαχείρισης πολυμέσων: Λεξικό όρων, ασκήσεις - εικονικά εργαστήρια Άδεια Χρήσης:</subfield>
  </datafield>
  <datafield tag="520" ind1=" " ind2=" ">
   <subfield code="a">Η θεματολογία του βιβλίου αφορά στις τεχνολογίες των πολυμέσων και υπερμέσων που έχουν κυριαρχήσει στις διάφορες εκφάνσεις της διαμεσικής επικοινωνίας και γενικότερα της δραστηριότητας του σύγχρονου ανθρώπου. Το ραγδαία εξελισσόμενο αυτό πεδίο επιδιώκει μια περισσότερο φιλική και παραστατική παρουσίαση της πληροφορίας μέσα από πολύπλευρες και πολυεπίπεδες δομές, συμβάλλοντας στην καλύτερη κατανόηση ακόμη και απαιτητικών θεμάτων. Έτσι, παρέχεται αμεσότητα και πλούσια διαμεσική εμπειρία στο χρήστη, που μπορεί να επιλέξει και να πλοηγηθεί στο περιεχόμενο που τον ενδιαφέρει μέσα από πολλαπλές -μη γραμμικές- διαδρομές αφήγησης ή/και πιο προωθημένες μορφές διάδρασης. Η πολυμεσική παραγωγή αφορά σε ένα κατεξοχήν διεπιστημονικό πεδίο που απαιτεί τη στενή συνεργασία ειδικών και ομάδων πολλών διαφορετικών κλάδων (πχ γραφίστες, σεναριογράφοι, καλλιτέχνες-δημιουργοί, ειδικοί των ΤΠΕ- προγραμματιστές, επικοινωνιολόγοι, δημοσιογράφοι, οικονομολόγοι, ψυχολόγοι κ.ά.). Ωστόσο, τα περισσότερα βιβλία πολυμέσων έχουν συνήθως τεχνικό χαρακτήρα που απευθύνεται κυρίως σε μηχανικούς, ειδικούς των Η/Υ και προγραμματιστές, και δεν προσφέρονται για κατανόηση από τις υπόλοιπες δημιουργικές ομάδες. Η παρούσα πρόταση επιχειρεί να αντιμετωπίσει το θέμα αυτό, στοχεύοντας στην κατανόηση των θεμάτων, την παροχή τεχνογνωσίας και την ανάπτυξη δεξιοτήτων συγγραφής και διαχείρισης πολυμέσων, από απλούς χρήστες. Το βιβλίο δίνει έμφαση σε τεχνολογίες πολυμέσων, μεθόδους ανάπτυξης και εφαρμογές μη γραμμικής αφήγησης στα νέα ψηφιακά μέσα. Ο στόχος του είναι διττός. Αφενός, αποσκοπεί στην κατανόηση των βασικών αρχών και τεχνολογιών, επιδιώκοντας την εύκολη εκτέλεση πολυμεσικών εφαρμογών και την υπερμεσική πλοήγηση, ως κομμάτι των διαδικασιών καθημερινής ψηφιακής ενημέρωσης-πληροφόρησης. Αφετέρου, αποβλέπει στην απόκτηση δεξιοτήτων πολυμεσικής παραγωγής ως κομμάτι των διαδικασιών δημιουργίας-διανομής περιεχομένου από συμμετοχικούς χρήστες, ελεύθερους επαγγελματίες, μέλη μεγάλων οργανισμών /παραγωγών κ.ά.</subfield>
  </datafield>
  <datafield tag="650" ind1=" " ind2="0">
   <subfield code="a">Multimedia systems</subfield>
   <subfield code="x">Management</subfield>
   <subfield code="8">2097</subfield>
  </datafield>
  <datafield tag="653" ind1=" " ind2=" ">
   <subfield code="a">Πολυμεσική παραγωγή</subfield>
  </datafield>
  <datafield tag="653" ind1=" " ind2=" ">
   <subfield code="a">Ηλεκτρονικά ΜΜΕ</subfield>
  </datafield>
  <datafield tag="653" ind1=" " ind2=" ">
   <subfield code="a">Νέα μέσα</subfield>
  </datafield>
  <datafield tag="653" ind1=" " ind2=" ">
   <subfield code="a">Ψηφιακά μέσα</subfield>
  </datafield>
  <datafield tag="653" ind1=" " ind2=" ">
   <subfield code="a">Διαδικτυακά ντοκιμαντέρ</subfield>
  </datafield>
  <datafield tag="653" ind1=" " ind2=" ">
   <subfield code="a">Διαχείριση πολυμέσων</subfield>
  </datafield>
  <datafield tag="653" ind1=" " ind2=" ">
   <subfield code="a">Λογισμικό πολυμεσικής εγγραφής</subfield>
  </datafield>
  <datafield tag="653" ind1=" " ind2=" ">
   <subfield code="a">Επεξεργασία πολυμεσικού περιεχομένου</subfield>
  </datafield>
  <datafield tag="653" ind1=" " ind2=" ">
   <subfield code="a">Μη γραμμική αφήγηση</subfield>
  </datafield>
  <datafield tag="653" ind1=" " ind2=" ">
   <subfield code="a">Υπερμέσα</subfield>
  </datafield>
  <datafield tag="653" ind1=" " ind2=" ">
   <subfield code="a">Τεχνολογίες πολυμέσων</subfield>
  </datafield>
  <datafield tag="653" ind1=" " ind2=" ">
   <subfield code="a">Κοινωνιολογία</subfield>
   <subfield code="a">Κοινωνική πολιτική, σχεδισμός, πρόβλεψη</subfield>
   <subfield code="a">Πολιτική της πληροφόρησης</subfield>
  </datafield>
  <datafield tag="653" ind1=" " ind2=" ">
   <subfield code="a">Κοινωνιολογία</subfield>
   <subfield code="a">Μαζικά φαινόμενα</subfield>
   <subfield code="a">Επικοινωνία</subfield>
  </datafield>
  <datafield tag="653" ind1=" " ind2=" ">
   <subfield code="a">Πολιτικές επιστήμες</subfield>
   <subfield code="a">Συστήματα διακυβέρνησης</subfield>
   <subfield code="a">Πολιτική</subfield>
   <subfield code="a">Επικοινωνιακή πολιτική</subfield>
  </datafield>
  <datafield tag="653" ind1=" " ind2=" ">
   <subfield code="a">Επιστήμη υπολογιστών/Πληροφορική</subfield>
   <subfield code="a">Διαχείριση πληροφορίας</subfield>
  </datafield>
  <datafield tag="653" ind1=" " ind2=" ">
   <subfield code="a">Επιστήμη υπολογιστών/Πληροφορική</subfield>
   <subfield code="a">Διαχείριση πληροφορίας</subfield>
   <subfield code="a">Συστήματα πολυμέσων</subfield>
  </datafield>
  <datafield tag="700" ind1="1" ind2=" ">
   <subfield code="a">Βέγλης, Ανδρέας</subfield>
   <subfield code="e">Κριτικός αναγνώστης</subfield>
   <subfield code="8">668</subfield>
  </datafield>
  <datafield tag="856" ind1="4" ind2="0">
   <subfield code="u">http://hdl.handle.net/11419/4343</subfield>
   <subfield code="z">Πλήρες Κείμενο - Full text</subfield>
  </datafield>
  <datafield tag="907" ind1=" " ind2=" ">
   <subfield code="a">.b25681114</subfield>
   <subfield code="b">12-06-18</subfield>
   <subfield code="c">29-07-16</subfield>
  </datafield>
  <datafield tag="949" ind1=" " ind2=" ">
   <subfield code="0">0</subfield>
   <subfield code="1">0</subfield>
   <subfield code="2">ddc</subfield>
   <subfield code="4">0</subfield>
   <subfield code="6">006_700000000000000_ΔΗΜ</subfield>
   <subfield code="7">0</subfield>
   <subfield code="8">KALL</subfield>
   <subfield code="8">870</subfield>
   <subfield code="d">2016-04-13</subfield>
   <subfield code="r">2016-04-13</subfield>
   <subfield code="w">2016-04-13</subfield>
   <subfield code="z">006.7 ΔΗΜ</subfield>
   <subfield code="o">SEAB KALLIPOS</subfield>
  </datafield>
  <datafield tag="998" ind1=" " ind2=" ">
   <subfield code="a">80</subfield>
   <subfield code="a">01</subfield>
   <subfield code="a">02</subfield>
   <subfield code="a">03</subfield>
   <subfield code="a">04</subfield>
   <subfield code="a">05</subfield>
   <subfield code="a">06</subfield>
   <subfield code="a">07</subfield>
   <subfield code="a">08</subfield>
   <subfield code="a">09</subfield>
   <subfield code="a">10</subfield>
   <subfield code="a">11</subfield>
   <subfield code="a">12</subfield>
   <subfield code="a">13</subfield>
   <subfield code="a">14</subfield>
   <subfield code="a">15</subfield>
   <subfield code="a">16</subfield>
   <subfield code="a">17</subfield>
   <subfield code="a">18</subfield>
   <subfield code="a">19</subfield>
   <subfield code="a">20</subfield>
   <subfield code="a">21</subfield>
   <subfield code="a">22</subfield>
   <subfield code="a">23</subfield>
   <subfield code="a">24</subfield>
   <subfield code="a">25</subfield>
   <subfield code="a">26</subfield>
   <subfield code="b">25-05-17</subfield>
   <subfield code="c">m</subfield>
   <subfield code="d">z  </subfield>
   <subfield code="e">-</subfield>
   <subfield code="f">gre</subfield>
   <subfield code="g">gr </subfield>
   <subfield code="h">0</subfield>
  </datafield>
  <datafield tag="942" ind1=" " ind2=" ">
   <subfield code="2">ddc</subfield>
   <subfield code="c">KALLIPOS</subfield>
  </datafield>
 </record>
</collection>
